The Canadian patient's book of rights: a consumer's guide to Canadian health law. / (Record no. 3588)
[ view plain ]
| 000 -LEADER | |
|---|---|
| fixed length control field | 01231nam a22001697a 4500 |
| 008 - FIXED-LENGTH DATA ELEMENTS--GENERAL INFORMATION | |
| fixed length control field | 140820b xxu||||| |||| 00| 0 eng d |
| 020 ## - INTERNATIONAL STANDARD BOOK NUMBER | |
| International Standard Book Number | 0385254490 |
| 050 ## - LIBRARY OF CONGRESS CALL NUMBER | |
| Classification number | KE3648.R69 |
| 100 ## - MAIN ENTRY--PERSONAL NAME | |
| Personal name | Rozovsky, Lorne E. |
| 245 ## - TITLE STATEMENT | |
| Title | The Canadian patient's book of rights: a consumer's guide to Canadian health law. / |
| Statement of responsibility, etc. | Lorne E. Rozovsky |
| 260 ## - PUBLICATION, DISTRIBUTION, ETC. | |
| Place of publication, distribution, etc. | Toronto: |
| Name of publisher, distributor, etc. | Doubleday Canada Limited, |
| Date of publication, distribution, etc. | 1994. |
| 300 ## - PHYSICAL DESCRIPTION | |
| Extent | xi,242p.: |
| Dimensions | 22cm. |
| 500 ## - GENERAL NOTE | |
| General note | Include index and appendix. |
| 505 ## - FORMATTED CONTENTS NOTE | |
| Formatted contents note | Contents: Part 1: The Right to health care -- The Right to a doctor of one's choice -- Alternative health care -- Consent to treatment -- Negligence and standards of care -- Who is responsible for whom? -- Treatment of children -- The Patient's property -- Patient records, access and confidentiality -- Can a doctor have sex with a patient? -- Hospital insurance and medicare -- Drug stores -- Part 2: Abortion -- Sterilization -- Having a baby by technology -- Circumcision -- AIDS as a communicable disease -- Mental illness -- Research on patients -- Part 3: What is the law? -- To Whom do you complain and how? -- Why don't patients sue? -- Dying and death -- After you've gone -- Additional Reading -- Appendices |
| 650 ## - SUBJECT ADDED ENTRY--TOPICAL TERM | |
| Topical term or geographic name entry element | Law. |
| 942 ## - ADDED ENTRY ELEMENTS (KOHA) | |
| Source of classification or shelving scheme | Library of Congress Classification |
| Koha item type | Books |
| Withdrawn status | Lost status | Source of classification or shelving scheme | Damaged status | Not for loan | Home library | Current library | Shelving location | Date acquired | Total Checkouts | Full call number | Barcode | Date last seen | Copy number | Price effective from | Koha item type |
|---|---|---|---|---|---|---|---|---|---|---|---|---|---|---|---|
| Library of Congress Classification | WISCONSIN INTERNATIONAL UNIVERSITY COLLEGE, GHANA - MAIN LIBRARY | WISCONSIN INTERNATIONAL UNIVERSITY COLLEGE, GHANA - MAIN LIBRARY | Law Library | 20/08/2014 | KE3648.R69 | 345/13 | 20/08/2014 | 1 | 20/08/2014 | Books |
